zpět

Detail výsledku týmu

U Opata, Pardubice

Datum a čas kvízu

30.5 Celkem bodů Celkový počet nahraných bodů na tomto kvízu bez doplňovacích otázek.
5. Pořadí na kvízu Konečné umístění týmu na tomto kvízu.

Zaznamenané odpovědi

# Otázka Odpověď Body Výsledky
1. Minulý týden nastal poměrně vz... 9. 10. (2019) 1
2. Americká společnost Johnson &... narostla mu prsa 1
3. Známá australská zpěvačka se m... Natalie Imbruglia 0
4. Společnost Adobe minulý týden... Venezuela 0
5. 129. ročník jednoho z nejtěžší... Theophilos, Josef Bartoš 1
6. Téma o Brazílii zvítězilo ve f... USA, Čína 1
7. Pokud bychom chtěli v říjnu 20... v Curychu 0
8. Věříme, že většina z Vás bude... Paulo Coelho, Jorge Amado 0
9. Především venkovská brazilská... maniok 1
10. Co se týče slavných osobností,... Adriana Lima 0